000 01044nam a2200265 a 4500
005 20090623122322.0
008 070515s2007 enka b 001 0 eng
010 _aENG-94205
020 _a9789380032108
_c295.00
035 _aEN-77738
037 _bDBAD / PUB
040 _adpl
_bEnglish
082 _a658.452
100 _aBarnes, Mark
245 _aStand & deliver :
_ba master class in making powerful presentations /
_cby Mark Barnes (and) Mary-Jane Barnes
260 _aNew Delhi
_bWestland
_c2009
270 _aF-5 Okhla Industrial Area, Phase I, Mezzanine Floor,
_bNew Delhi
_e110020
300 _a178 p. :
_bill. ;
_c25cm(pbk)
504 _aIncludes bibliographical references and index
650 _aBusiness presentations.
650 _aPublic speaking.
700 _aBarnes, Mary-Jane
942 _2ddc
_cEN
_h658.452
_mBAR
999 _c27794
_d27794